| 000 | 00573cam a2200193 a 4500 | ||
|---|---|---|---|
| 999 |
_c8088 _d8088 |
||
| 020 | _a0072494719 (alk. paper) | ||
| 050 | 0 | 0 |
_aHQ12 _b.H82 |
| 100 | 1 | _aHyde, Janet Shibley. | |
| 245 | 1 | 0 |
_aUnderstanding human sexuality / _cJanet Shibley Hyde, John D. DeLamater. |
| 250 | _a8th ed. | ||
| 260 |
_aNew York : _bMcGraw-Hill, _cc2003. |
||
| 300 |
_axxv, 715 p. : _bcol. ill., col. maps ; _c26 cm. + _e1 CD-ROM (4 3/4 in.) |
||
| 650 | 0 | _aSex. | |
| 650 | 0 | _aSex customs. | |
| 650 | 0 | _aSexual health. | |
| 650 | 0 | _aSex (Psychology) | |
| 700 | 1 | _aDeLamater, John D. | |
| 942 | _cBK | ||